000 00945nam a2200253Ia 4500
003 OSt
005 20220923223715.0
006 a|||||r|||| 00| 0
007 ta
008 220922b |||||||| |||| 00| 0 hin d
024 _a220,389
037 _cTextual
040 _aARTS
_cARTS
_bhin
041 _2hin
_ahin
082 _aO152,IN5:g, N8
100 _aशर्मा, हीरालाल
_9156279
245 0 _aप्रगतिवादी कविता में प्रकृति प्रेम और सौन्दर्य
246 _aPragativādī kavitā mean prakṛuti prem aur saundarya
260 _aमुंबई
_b उतर भारतीय लोक सेवा परिषद
_c1998
300 _a299i`
_ccm.
650 _aहिन्दी साहित्य
_9156264
942 _hO152,IN5:g, N8
_cTEXL
_2CC
999 _c366862
_d366862